Entry Topical Term
Number of records used in: 10
001 - CONTROL NUMBER
003 - CONTROL NUMBER IDENTIFIER
005 - DATE AND TIME OF LATEST TRANSACTION
- control field:
20230906103704.0
008 - FIXED-LENGTH DATA ELEMENTS
- fixed length control field:
230906|| aca||aabn | a|a d
040 ## - CATALOGING SOURCE
- Original cataloging agency:
JRU
- Transcribing agency:
JRU
150 ## - HEADING--TOPICAL TERM
- Topical term or geographic name as entry element:
PHYSIOTHERAPY
670 ## - SOURCE DATA FOUND
- Source citation:
Work cat.: (JRU)8416: McARDLE, WILLIAM D. AND KATCH, FRANK L. & KATCH, VICTOR L 8179, ESSENTIALS OF EXERCISE PHYSIOLOGY , 2016